00394nam a2200157Ia 4500003000500000008004100005020002400046040001900070082000700089100001900096245005300115260003800168300001000206365000800216546001200224STCL221019s9999 xx 000 0 und d aA978-81-229-1146-6A aSTCLcSTCLbEN 222 aIshwari Prasad 2aA history of modern Europe from 1453 to 1789 A D bSurjeet PublicationsaDelhic2016 a394 p b895 aEnglish